<?xml version="1.0" encoding="UTF-8"?><?xml-stylesheet type="text/xsl" href="static/style.xsl"?><OAI-PMH xmlns="http://www.openarchives.org/OAI/2.0/" xmlns:xsi="http://www.w3.org/2001/XMLSchema-instance" xsi:schemaLocation="http://www.openarchives.org/OAI/2.0/ http://www.openarchives.org/OAI/2.0/OAI-PMH.xsd"><responseDate>2026-04-17T04:11:29Z</responseDate><request verb="GetRecord" identifier="oai:www.recercat.cat:2445/122055" metadataPrefix="marc">https://recercat.cat/oai/request</request><GetRecord><record><header><identifier>oai:recercat.cat:2445/122055</identifier><datestamp>2025-12-05T14:14:53Z</datestamp><setSpec>com_2072_1057</setSpec><setSpec>col_2072_478906</setSpec><setSpec>col_2072_478917</setSpec><setSpec>col_2072_478931</setSpec></header><metadata><record xmlns="http://www.loc.gov/MARC21/slim" xmlns:dcterms="http://purl.org/dc/terms/" xmlns:xsi="http://www.w3.org/2001/XMLSchema-instance" xmlns:doc="http://www.lyncode.com/xoai" xsi:schemaLocation="http://www.loc.gov/MARC21/slim http://www.loc.gov/standards/marcxml/schema/MARC21slim.xsd">
   <leader>00925njm 22002777a 4500</leader>
   <datafield ind2=" " ind1=" " tag="042">
      <subfield code="a">dc</subfield>
   </datafield>
   <datafield ind2=" " ind1=" " tag="720">
      <subfield code="a">Adan Puig, Ana</subfield>
      <subfield code="e">author</subfield>
   </datafield>
   <datafield ind2=" " ind1=" " tag="720">
      <subfield code="a">Capella Arrondo, Maria del Mar</subfield>
      <subfield code="e">author</subfield>
   </datafield>
   <datafield ind2=" " ind1=" " tag="720">
      <subfield code="a">Prat, Gemma</subfield>
      <subfield code="e">author</subfield>
   </datafield>
   <datafield ind2=" " ind1=" " tag="720">
      <subfield code="a">Forero, Diego A.</subfield>
      <subfield code="e">author</subfield>
   </datafield>
   <datafield ind2=" " ind1=" " tag="720">
      <subfield code="a">López Vera, Silvia</subfield>
      <subfield code="e">author</subfield>
   </datafield>
   <datafield ind2=" " ind1=" " tag="720">
      <subfield code="a">Navarro Humanes, José Francisco</subfield>
      <subfield code="e">author</subfield>
   </datafield>
   <datafield ind2=" " ind1=" " tag="260">
      <subfield code="c">2018-05-03T11:37:09Z</subfield>
   </datafield>
   <datafield ind2=" " ind1=" " tag="260">
      <subfield code="c">2018-05-03T11:37:09Z</subfield>
   </datafield>
   <datafield ind2=" " ind1=" " tag="260">
      <subfield code="c">2017-01-18</subfield>
   </datafield>
   <datafield ind2=" " ind1=" " tag="260">
      <subfield code="c">2018-05-03T11:37:09Z</subfield>
   </datafield>
   <datafield ind2=" " ind1=" " tag="520">
      <subfield code="a">Background: Lifetime suicide attempts in patients with comorbidity between psychotic disorders and Substance Use Disorder (SUD), known as dual diagnosis, was associated with a worse clinical and cognitive state, poor prognosis and premature death. However, to date no previous study has examined the cognitive performance of these patients considering as independent the presence or absence of lifetime suicide attempts. Methods: We explore executive functioning differences between suicide attempters and non-attempters in dual schizophrenia (DS) patients and the possible related factors for both executive performance and current suicide risk. Fifty DS male patients in remission of SUD and clinically stables, 24 with and 26 without lifetime suicide attempts, were evaluated. We considered Z scores for all neuropsychological tests and a composite summary score for both premorbid IQ and executive functioning. Results: DS patients showed low performance in set-shifting, planning and problem solving tasks. Those with suicide attempts presented lower composite summary scores, together with worse problem solving skills and decision-making, compared with non-attempters. However, after controlling for alcohol dependence, only differences in decision-making remained. Executive functioning was related to the premorbid intelligence quotient, and several clinical variables (duration, severity, months of abstinence and relapses of SUD, global functioning and negative symptoms). A relationship between current suicide risk, and first-degree relatives with SUD, insight and positive symptoms was also found. Conclusions: Our results suggest that problem solving and, especially, decision-making tasks might be sensitive to cognitive impairment of DS patients related to presence of lifetime suicide attempts. The assessment of these executive functions and cognitive remediation therapy when necessary could be beneficial for the effectiveness of treatment in patients with DS. However, further research is needed to expand our findings and overcome some limitations of this study.</subfield>
   </datafield>
   <datafield tag="653" ind2=" " ind1=" ">
      <subfield code="a">Esquizofrènia</subfield>
   </datafield>
   <datafield tag="653" ind2=" " ind1=" ">
      <subfield code="a">Suïcidi</subfield>
   </datafield>
   <datafield tag="653" ind2=" " ind1=" ">
      <subfield code="a">Consum d'alcohol</subfield>
   </datafield>
   <datafield tag="653" ind2=" " ind1=" ">
      <subfield code="a">Schizophrenia</subfield>
   </datafield>
   <datafield tag="653" ind2=" " ind1=" ">
      <subfield code="a">Suicide</subfield>
   </datafield>
   <datafield tag="653" ind2=" " ind1=" ">
      <subfield code="a">Drinking of alcoholic beverages</subfield>
   </datafield>
   <datafield ind2="0" ind1="0" tag="245">
      <subfield code="a">Executive functioning in men with schizophrenia and substance use disorders. Influence of Lifetime Suicide Attemps</subfield>
   </datafield>
</record></metadata></record></GetRecord></OAI-PMH>